| Tag |
First Indicator |
Second Indicator |
Subfields |
| LEADER |
00000cam a2200000 4500 |
| 001 |
in00000474921 |
| 005 |
20170417110435.0 |
| 008 |
700504s1970 nyuac 00011 eng |
| 010 |
|
|
|a 74113775
|
| 035 |
|
|
|a (OCoLC)00069479
|
| 035 |
|
|
|9 ACA5341AM
|
| 040 |
|
|
|a DLC
|c DLC
|d m.c.
|d OCL
|d TXA
|d UtOrBLW
|
| 049 |
|
|
|a TXAM
|c [1102737]
|
| 050 |
0 |
0 |
|a PZ4.B285
|b Ci
|a PS3552.A76
|
| 082 |
0 |
|
|a 813/.5/4
|
| 090 |
|
|
|a PS3552.A76
|b C58 1970
|
| 100 |
1 |
|
|a Barthelme, Donald.
|
| 245 |
1 |
0 |
|a City life.
|
| 264 |
|
1 |
|a New York :
|b Farrar, Straus & Giroux,
|c [1970]
|
| 300 |
|
|
|a [viii], 168 pages :
|b illustrations, portraits ;
|c 23 cm.
|
| 336 |
|
|
|a text
|b txt
|2 rdacontent
|
| 337 |
|
|
|a unmediated
|b n
|2 rdamedia
|
| 338 |
|
|
|a volume
|b nc
|2 rdacarrier
|
| 505 |
0 |
|
|a Views of my father weeping.--Paraguay.--The falling dog.--At the Tolstoy Museum.--The policemen's ball.--The glass mountain.--The explanation.--Kierkegaard unfair to Schlegel.--The phantom of the opera's friend.--Sentence.--Bone bubbles.--On angels.--Brain damage.--City life.
|
| 999 |
|
|
|a MARS
|
| 999 |
f |
f |
|s 05ccca42-4259-3dc2-a731-bb167ac4d46a
|i 07d5bb74-c2b7-39b7-a53f-68dbe590583e
|t 0
|
| 952 |
f |
f |
|p ric
|a Texas A&M University
|b Rellis Campus
|c Joint Library Facility
|d Remote Storage
|t 0
|e PS3552.A76 C58 1970
|h Library of Congress classification
|i unmediated -- volume
|m A14804302257
|
| 998 |
f |
f |
|a PS3552.A76 C58 1970
|t 0
|l Remote Storage
|